000 01415nam a2200373 i 4500
001 768714001
003 CO-MdFUSB
005 20260406120437.0
007 ta
007 ta
008 250904t2018 -us |||g |||| 00| 0 eng d
020 _a978-1-59463-492-5
040 _aCO-MdFUSB
_bspa
_cCO-MdFUSB
_dCO-MdFUSBC
_erda
041 _aeng
082 _223
_a302.1
_bP244
100 _aParker, Priya,
_eautor
245 _aThe art of gathering :
_bhow we meet and why it matters
_c/ Priya Parker
264 1 _aNew York, United States :
_bRiverhead Books,
_c[2018]
264 4 _c©2018
300 _a304 páginas
_c; 23 cm
336 _2rdacontent
_atexto
_btxt
337 _2rdamedia
_asin mediación
_bn
338 _2rdacarrier
_avolumen
_bnc
500 _aTabla de contenido traducida por agencia catalogadora
505 _aDecide por qué te estás reuniendo realmente. -- Cierra las puertas. -- No seas un anfitrión indiferente. -- Crea un mundo alternativo temporal. -- Nunca comiences un funeral con logística. -- Deja fuera tu mejor versión en mi reunión. -- Provoca una buena controversia. -- Acepta que hay un final.
563 _aPasta dura
653 _aRelaciones interpersonales
653 _aInteracción social
653 _aReuniones — Organización y dirección
653 _aDinámica de grupos
942 _cBK
945 _aEstudiante Juan Eusse
999 _c71434
_d71434